000 00910nam a2200301Ia 4500
001 10981
003 IT-RoPAU
008 130308s9999 xx 000 0 und d
040 _aIT-RoPAU
040 _cIT-RoPAU
041 _aITALIANO
100 _aMassaro Gianni
100 _gCodice Aut. SPICS: 4043
245 _aOcchio impuro (L')
245 _bOcchio impuro (L')
250 _a1a ed.
260 _aMILANO
260 _bSugarco
260 _c1976 [1° Ed.:1976 - Ed.Ling.Originale:1976]
300 _a"192 p. (prefazione: no ; testo: 192)"
500 _aLinguaggio della repressione costume e Società Denuncianti Lessico della Moralizzazione Denunce Linguaggio di polizia Cinema censura e Moralizzatori nell'Italia degli Anni Settanta
650 _aDIRITTO NELLA CINEMATOGRAFIA
650 _eCodice materia Spics: 4612
942 _cBK
957 _71
999 _c68379
_d68379
999 _bSI
999 _g1